MARC details
| 000 -CABECERA |
| campo de control de longitud fija |
00858cam a2200253 a 4500 |
| 001 - NÚMERO DE CONTROL |
| campo de control |
000006683 |
| 005 - FECHA Y HORA DE LA ÚLTIMA TRANSACCIÓN |
| campo de control |
20200929153956.0 |
| 008 - DATOS DE LONGITUD FIJA--INFORMACIÓN GENERAL |
| campo de control de longitud fija |
810921s1971 nyu 000 f spa d |
| 040 ## - FUENTE DE LA CATALOGACIÓN |
| Centro catalogador/agencia de origen |
DO-SdBNP |
| Centro/agencia transcriptor |
CarP |
| Centro/agencia modificador |
DLC |
| 082 ## - NÚMERO DE LA CLASIFICACIÓN DECIMAL DEWEY |
| Número de clasificación |
Cu863.2 |
| Número de documento/Ítem |
V727ce |
| 049 ## - FONDOS LOCALES (OCLC) |
| Fondos de biblioteca |
BNGR |
| 100 1# - ENTRADA PRINCIPAL--NOMBRE DE PERSONA |
| Nombre de persona |
Villaverde, Cirilo, |
| Fechas asociadas al nombre |
1812-1894 |
| 9 (RLIN) |
2315 |
| 245 10 - MENCIÓN DE TÍTULO |
| Título |
Cecilia Valdés o la loma del Ángel : |
| Resto del título |
novela de costumbres cubanas / |
| Mención de responsabilidad, etc. |
Cirilo Villaverde ; edición, prólogo y notas de Olga Blondet Tudisco ... [et al.]. |
| 260 ## - PUBLICACIÓN, DISTRIBUCIÓN, ETC. |
| Lugar de publicación, distribución, etc. |
New York : |
| Nombre del editor, distribuidor, etc. |
Anaya, |
| Fecha de publicación, distribución, etc. |
1971. |
| 300 ## - DESCRIPCIÓN FÍSICA |
| Extensión |
2 v. ; |
| Dimensiones |
18 cm. |
| 490 1# - MENCIÓN DE SERIE |
| Mención de serie |
Bolsianaya |
| Designación de volumen o secuencia |
8 y 9 |
| 650 #4 - PUNTO DE ACCESO ADICIONAL DE MATERIA--TÉRMINO DE MATERIA |
| Término de materia o nombre geográfico como elemento de entrada |
Novela cubana |
| 9 (RLIN) |
2316 |
| 650 #4 - PUNTO DE ACCESO ADICIONAL DE MATERIA--TÉRMINO DE MATERIA |
| Término de materia o nombre geográfico como elemento de entrada |
Literatura cubana |
| 9 (RLIN) |
1483 |
| 700 1# - PUNTO DE ACCESO ADICIONAL--NOMBRE DE PERSONA |
| Nombre de persona |
Tudisco, Olga Blondet, |
| Término indicativo de función/relación |
ed. |
| 9 (RLIN) |
18622 |
| 700 1# - PUNTO DE ACCESO ADICIONAL--NOMBRE DE PERSONA |
| Nombre de persona |
Tudisco, Antonio, |
| Término indicativo de función/relación |
ed. |
| 9 (RLIN) |
18623 |
| 830 #0 - PUNTO DE ACCESO ADICIONAL DE SERIE-TÍTULO UNIFORME |
| Título uniforme |
Bolsianaya; |
| Designación de volumen o secuencia |
8 y 9 |
| 9 (RLIN) |
18624 |
| 910 ## - DATOS DE OPCIÓN DEL USUARIO (OCLC) |
| Datos de opción del usuario |
Catalogación por copia / LC |
| 910 ## - DATOS DE OPCIÓN DEL USUARIO (OCLC) |
| Datos de opción del usuario |
WM |